000
00240nam a2200097Ia 4500
001
683543
005
20250826161440.0
008
250824s9999 xx 000 0 und d
245
0
_a
KORKUNÇ SORULAR
_c
NİCK ARNOLD
260
_b
TİMAŞ YAYINLARI
999
_c
683543
_d
683543